Countries Chuck Norris has Visited - Statistics

General Stats
  • This quiz has been taken 62 times
    29 since last reset
  • The average score is 10 of 14
Answer Stats
Continent Country % Correct
Europe United Kingdom
96%
Oceania Australia
93%
Asia/ Europe Russia
93%
Europe Germany
89%
Asia Japan
89%
South America Brazil
85%
Europe France
85%
North America United States of America
85%
North America Canada
74%
Europe Italy
70%
Asia South Korea
67%
Asia Israel
37%
Asia Philippines
26%
Europe Bulgaria
19%
No matching quizzes found
Score Distribution
Percent of People with Each Score
Percentile by Number Answered
Your Score History
You have not taken this quiz since the last reset